Heat transfer (Record no. 3641)

000 -LEADER
fixed length control field 00564nam a2200229 a 4500
001 - CONTROL NUMBER
control field 3641
003 - CONTROL NUMBER IDENTIFIER
control field BD-DhUET
008 - FIXED-LENGTH DATA ELEMENTS--GENERAL INFORMATION
fixed length control field 960506s1997 nyua b 001 0 eng
020 ## - INTERNATIONAL STANDARD BOOK NUMBER
International Standard Book Number 0071143203
020 ## - INTERNATIONAL STANDARD BOOK NUMBER
International Standard Book Number 0078447852
040 ## - CATALOGING SOURCE
Original cataloging agency DLC
Transcribing agency DLC
Modifying agency BD-DhUET
082 00 - DEWEY DECIMAL CLASSIFICATION NUMBER
Classification number 621.011
Item number HOL/1997
100 1# - MAIN ENTRY--PERSONAL NAME
Personal name Holman, J. P.
245 10 - TITLE STATEMENT
Title Heat transfer
250 ## - EDITION STATEMENT
Edition statement 8th ed.
260 ## - PUBLICATION, DISTRIBUTION, ETC. (IMPRINT)
Place of publication, distribution, etc. New York
Name of publisher, distributor, etc. McGraw-Hill
Date of publication, distribution, etc. 1997
300 ## - PHYSICAL DESCRIPTION
Extent xviii, 696 p.
Other physical details ill.
490 ## - SERIES STATEMENT
Series statement Schaum's outline series
504 ## - BIBLIOGRAPHY, ETC. NOTE
Bibliography, etc Includes bibliographies
650 #0 - SUBJECT ADDED ENTRY--TOPICAL TERM
Topical term or geographic name as entry element Heat transfer
942 ## - ADDED ENTRY ELEMENTS (KOHA)
Koha item type General Book
Holdings
Withdrawn status Koha date last borrowed Piece designation (barcode) Not for loan Damaged status Date acquired Koha out on loan Koha normalized classification for sorting Copy number Lost status Price effective from Source of classification or shelving scheme Sublocation or collection (holding branch) Koha issues (times borrowed) Location (home branch) Shelving location Koha full call number Koha date last seen Koha item type
 2025-04-2792450  2014-11-032025-05-11621_011000000000000_HOL_19971 2014-11-03 Central Library, BUET3Central Library, BUETCirculation section621.011/HOL/19972025-04-27General Book
  92452  2014-11-03 621_011000000000000_HOL_19972 2014-11-03 Central Library, BUET Central Library, BUETCirculation section621.011/HOL/19972014-11-03General Book
  92453  2014-11-03 621_000000000000000_011HOL19973 2014-11-03 Central Library, BUET Central Library, BUETCirculation section621.011/HOL/19972016-07-30General Book
 2022-01-0992454  2014-11-03 621_000000000000000_011HOL19974 2014-11-03 Central Library, BUET1Central Library, BUETCirculation section621.011/HOL/19972022-06-08General Book
 2024-10-0292455  2014-11-03 621_000000000000000_011HOL19975 2014-11-03 Central Library, BUET2Central Library, BUETCirculation section621.011/HOL/19972024-10-28General Book
 2023-12-1092457  2014-11-03 621_000000000000000_011HOL19976 2014-11-03 Central Library, BUET3Central Library, BUETCirculation section621.011/HOL/19972024-08-31General Book
  92459  2014-11-03 621_000000000000000_011HOL19977 2014-11-03 Central Library, BUET Central Library, BUETCirculation section621.011/HOL/19972014-11-03General Book
 2024-03-1292460  2014-11-03 621_011000000000000_HOL_19978 2014-11-03 Central Library, BUET1Central Library, BUETCirculation section621.011/HOL/19972024-08-28General Book
 2024-04-0892461  2014-11-03 621_000000000000000_011HOL19979 2014-11-03 Central Library, BUET1Central Library, BUETCirculation section621.011/HOL/19972024-06-22General Book
 2024-12-1092462  2014-11-03 621_000000000000000_011HOL199710 2014-11-03 Central Library, BUET5Central Library, BUETCirculation section621.011/HOL/19972025-03-12General Book
 2015-03-0492464  2014-11-03 621_000000000000000_011HOL199711 2014-11-03 Central Library, BUET1Central Library, BUETCirculation section621.011/HOL/19972017-05-03General Book
 2019-06-1792465  2014-11-03 621_000000000000000_011HOL199712 2014-11-03 Central Library, BUET3Central Library, BUETCirculation section621.011/HOL/19972019-07-10General Book
 2022-05-2492466  2014-11-03 621_000000000000000_011HOL199713 2014-11-03 Central Library, BUET3Central Library, BUETCirculation section621.011/HOL/19972022-06-08General Book
  92468  2015-04-12 621_011000000000000_HOL_199714 2015-04-12 Central Library, BUET Central Library, BUETCirculation section621.011 HOL/19972015-04-12General Book
  92447  2015-07-02 621_011000000000000_HOL_199715 2015-07-02 Central Library, BUET Central Library, BUETReading section621.011/HOL/19972015-07-02Reading Item
  92446  2015-07-09 621_011000000000000_HOL_199716 2015-07-09 Central Library, BUET Central Library, BUETReading section621.011/HOL/19972015-07-09Reading Item